| 000 | 00485nmm a2200169Ia 4500 | ||
|---|---|---|---|
| 008 | 251105s9999||||xx |||||||||||||||||und|| | ||
| 020 | _a9788498167610 | ||
| 041 | _aspa | ||
| 100 | _aCieza de León, Pedro de | ||
| 245 | 0 | _aEl señorío de los incas | |
| 264 |
_a[Madrid, España] : _bLinkgua, _c2011 |
||
| 300 | _a158 páginas | ||
| 490 | _aHistoria | ||
| 650 | _aHistory of the Americas: Latin America | ||
| 856 | _uhttps://public.digitaliapublishing.com/a/16458 | ||
| 942 | _cCF | ||
| 999 |
_c91427 _d91427 |
||